| 000 | 00503nam a2200205Ia 4500 | ||
|---|---|---|---|
| 003 | 0100 | ||
| 008 | 130303s9999 xx 000 0 und d | ||
| 040 | _cARRUPELIB | ||
| 050 | _aBX830.1962A7O18 1986 | ||
| 245 | _aVatican II and Its documents | ||
| 245 | _ban American reappraisal | ||
| 260 | _aWilmington | ||
| 260 | _bGlazier Books | ||
| 260 | _C1986 | ||
| 300 | _a260p. | ||
| 300 | _b 23 cm. | ||
| 440 | _aTheology and life series | ||
| 700 | _aO'Connell, Timothy E. (ed.) | ||
| 942 | 0 | 0 | _02 |
| 999 |
_c23055 _d23055 |
||